[Event "Mechanics' Summer TNM; G/2 d/5"]
[Site "San Francisco"]
[Date "2018.06.17"]
[Round "8.7"]
[White "Harris, John"]
[Black "Simpkins, Jerry"]
[Result "1-0"]
[WhiteElo "1746"]
[BlackElo "1588"]
[Annotator "Winslow,Elliott"]
[PlyCount "95"]
[EventDate "2018.??.??"]
[Source "ChessBase"]
[SourceDate "2007.09.04"]

1. c4 e5 2. Nc3 f5 3. Nf3 e4 4. Nd4 d6 5. d3 Nf6 6. g3 Nc6 7. Nxc6 bxc6 8. dxe4
fxe4 9. Bg5 Be7 10. Bg2 Be6 11. Nxe4 Nxe4 12. Bxe7 Kxe7 13. Bxe4 d5 14. cxd5
Bxd5 15. Qc2 Qd6 16. O-O Qe5 17. Bxd5 cxd5 18. Rfd1 Rhd8 19. b3 Kf7 20. Rac1
Rd7 21. Qxh7 Rad8 22. Qd3 Rh8 23. Qf3+ Ke8 24. Qg4 g5 25. Qd4 Qxd4 26. Rxd4
Rdh7 27. h4 gxh4 28. Rxh4 Rxh4 29. gxh4 Kd8 30. Rc5 Rh5 31. Kg2 Rxh4 32. Rxd5+
Ke7 33. Ra5 Rd4 34. Rxa7 Kd6 35. e3 Rd2 36. Ra4 (36. a4) 36... Rb2 37. Kg3 c5
38. f4 Kd5 39. Kf3 Rd2 40. Ra6 Rb2 41. e4+ Kd4 42. Rd6+ Kc3 43. Ra6 Rxb3 44.
axb3 Kxb3 45. f5 c4 46. Rb6+ Kc2 47. f6 c3 48. f7 1-0

[Event "Mechanics' Summer TNM; G/2 d/5"]
[Site "San Francisco"]
[Date "2018.06.19"]
[Round "4.26"]
[White "Harris, John"]
[Black "Tobiason, Wolfgang"]
[Result "1-0"]
[WhiteElo "1746"]
[BlackElo "1280"]
[PlyCount "76"]
[EventDate "2018.??.??"]
[Source "ChessBase"]
[SourceDate "2007.09.04"]

1. c4 e5 2. Nc3 Nc6 3. g3 Bc5 4. Bg2 Nf6 5. e3 O-O 6. Nge2 Re8 7. d3 d6 8. O-O
Be6 9. Nd5 Bd7 10. Nec3 Nxd5 11. Nxd5 Rb8 12. Bd2 Ne7 13. b4 Bb6 14. Nxb6 axb6
15. b5 c6 16. a4 d5 17. Qh5 f6 18. Rfd1 Be6 19. Bf1 Rc8 20. cxd5 cxd5 21. e4 d4
22. Rdb1 Rc2 23. Bb4 Ng6 24. Qd1 Qc7 25. Qf3 Rc8 26. Be2 Qd7 27. Bd1 R2c7 28.
Qe2 Qf7 29. Qd2 Rd7 30. Qb2 Rb8 31. Qa3 Ra8 32. Qc1 Rb8 33. Qd2 Rdd8 34. Rc1
Qd7 35. Qb2 Rdc8 36. Rcb1 Ra8 37. Qa3 Rd8 38. Rb2 h6 {
White is slightly better here. Black lost on time.} 1-0

[Event "Mechanics' Shipman TNM; G/2 d/5"]
[Site "San Francisco"]
[Date "2018.09.25"]
[Round "8.9"]
[White "Harris, John"]
[Black "Traub, Igor Vladim"]
[Result "0-1"]
[WhiteElo "1841"]
[BlackElo "2165"]
[PlyCount "82"]
[EventDate "2018.??.??"]
[Source "ChessBase"]
[SourceDate "2007.09.04"]

1. c4 Nf6 2. g3 g6 3. Bg2 d6 4. Nc3 e5 5. e4 Bg7 6. Nge2 h5 7. h3 Be6 8. d3 Qd7
9. Be3 c6 10. b3 d5 11. Bg5 Nh7 12. Bc1 d4 13. Na4 Bf8 14. f4 b5 15. Nb2 f6 16.
a4 b4 17. Kd2 Na6 18. Kc2 Bd6 19. Ng1 h4 20. fxe5 Bxe5 21. Bf4 hxg3 22. Bxe5
fxe5 23. Qf3 O-O-O 24. Rf1 Nc5 25. Qxg3 Qg7 26. Nf3 Nd7 27. Nd1 Nhf6 28. Ng1
Nh5 29. Qe1 Nf4 30. Qg3 Nc5 31. Nf2 Nh5 32. Qg5 Rhf8 33. Ne2 Nf4 34. Bf3 Bxc4
35. bxc4 b3+ 36. Kb2 Nfxd3+ 37. Nxd3 Nxd3+ 38. Kb1 Qb7 39. Nc1 Nxc1 40. Bg4+
Kb8 41. Qxe5+ Ka8 {... and *Black* went on to win.} 0-1

[Event "Mechanics' Bedjanian TNM; G/2 d/5"]
[Site "San Francisco"]
[Date "2018.10.30"]
[Round "2.5"]
[White "Harris, John"]
[Black "Vickers, Keith"]
[Result "0-1"]
[WhiteElo "1800"]
[BlackElo "2200"]
[PlyCount "42"]
[EventDate "2018.??.??"]
[Source "ChessBase"]
[SourceDate "2007.09.04"]

1. c4 f5 2. g3 Nf6 3. Nc3 e6 4. Bg2 c6 5. e3 d5 6. Nge2 Be7 7. O-O O-O 8. d4
dxc4 9. Qa4 b5 10. Nxb5 cxb5 11. Qxb5 Nd5 12. Nf4 Ba6 13. Qa4 Qd6 14. Nxd5 exd5
15. Rd1 Nd7 16. Bxd5+ Qxd5 17. Qxa6 Ne5 18. h4 Nf3+ 19. Kf1 Rf6 20. Qa4 Rb6 21.
Ke2 Nh2 0-1

[Event "Mechanics' Shipman TNM; G/2 d/5"]
[Site "San Francisco"]
[Date "2018.08.21"]
[Round "3.19"]
[White "Harris, John"]
[Black "Yun, Andrew"]
[Result "0-1"]
[WhiteElo "1841"]
[BlackElo "1557"]
[PlyCount "46"]
[EventDate "2018.??.??"]
[Source "ChessBase"]
[SourceDate "2007.09.04"]

1. c4 e5 2. g3 Nf6 3. Bg2 d5 4. cxd5 Nxd5 5. Nc3 Be6 6. Nf3 Nc6 7. O-O Be7 8.
d4 exd4 9. Nxd4 Nxd4 10. Qxd4 Nxc3 11. Qxc3 O-O 12. Bf4 c6 13. Rfd1 Qb6 14. Bd6
Bf6 15. Be5 Bxe5 16. Qxe5 Rfe8 17. Qc3 Bg4 18. Rd4 (18. Bf3 $11) 18... Rxe2 $1
19. Kh1 Be6 20. Rad1 Rxf2 21. Qd3 g6 22. Qe3 Rxb2 23. Qh6 Rb1 0-1

[Event "Mechanics' Summer TNM; G/2 d/5"]
[Site "San Francisco"]
[Date "2018.07.17"]
[Round "8.41"]
[White "Hilliard, Michael"]
[Black "Allen, Tom Carter"]
[Result "1-0"]
[WhiteElo "1410"]
[BlackElo "1402"]
[PlyCount "47"]
[EventDate "2018.??.??"]
[Source "ChessBase"]
[SourceDate "2007.09.04"]

1. d4 b5 2. Nf3 Bb7 3. Nbd2 Nf6 4. b3 d5 5. Bb2 e6 6. e3 Bd6 7. c4 bxc4 8. bxc4
Bb4 9. a3 Ba5 10. Qa4+ Nc6 11. cxd5 Bxd2+ 12. Kxd2 Nxd5 13. Bb5 Qd6 14. Ne5 O-O
15. Bxc6 Nb6 16. Qb5 a6 17. Qc5 Qxc5 18. dxc5 Nc4+ 19. Nxc4 Bxc6 20. f3 Rfd8+
21. Bd4 Bb5 22. Kc3 Rd7 23. a4 Bc6 24. Ne5 1-0

[Event "Mechanics' Winter TNM; G/2 d5"]
[Site "San Francisco"]
[Date "2018.02.13"]
[Round "6.33"]
[White "Hilliard, Michael"]
[Black "Baer, Michael"]
[Result "1/2-1/2"]
[WhiteElo "1455"]
[BlackElo "1385"]
[PlyCount "69"]
[EventDate "2018.??.??"]
[Source "ChessBase"]
[SourceDate "2007.09.04"]

1. d4 d5 2. Nf3 Nf6 3. e3 e6 4. Bd3 c5 5. c3 b6 6. Nbd2 Bd6 7. O-O O-O 8. Re1
Bb7 9. e4 dxe4 10. Nxe4 Nxe4 11. Bxe4 Bxe4 12. Rxe4 Nd7 13. Bg5 Qc7 14. Rg4 f5
15. Rh4 h6 16. Bxh6 gxh6 17. Rxh6 Kg7 18. Rxe6 Rh8 19. g3 Nf6 20. Ng5 Qd7 21.
Qf3 Kg6 22. h4 Rae8 23. Rae1 Rxe6 24. Rxe6 Re8 25. d5 Re7 26. Qd3 Rxe6 27. Nxe6
Qe7 28. c4 Be5 29. b3 Ng4 30. f3 Bd4+ 31. Kg2 Ne5 32. Nf4+ Kf6 33. Nh5+ Kg6 34.
Nf4+ Kf6 35. Nh5+ 1/2-1/2

[Event "Mechanics' Bedjanian TNM; G/2 d/5"]
[Site "San Francisco"]
[Date "2018.12.11"]
[Round "8.34"]
[White "Hilliard, Michael"]
[Black "Carron, Joel"]
[Result "0-1"]
[WhiteElo "1405"]
[BlackElo "1456"]
[PlyCount "70"]
[EventDate "2018.??.??"]
[Source "ChessBase"]
[SourceDate "2007.09.04"]

1. d4 Nf6 2. Nf3 d5 3. e3 Bg4 4. c4 e6 5. Qb3 b6 6. Ne5 Bd6 7. Qa4+ Nbd7 8.
cxd5 O-O 9. dxe6 Bxe6 10. f4 c5 11. Bb5 a6 12. Bd3 Bd5 13. O-O b5 14. Qc2 Rc8
15. Qf2 Ne4 16. Qe2 c4 17. Bc2 Ndf6 18. Nc3 Nxc3 19. bxc3 Ne4 20. Rf3 Nxc3 21.
Qf2 Bxf3 22. Qxf3 Bxe5 23. fxe5 Qd5 24. Qg4 Qe6 25. Qh5 Qh6 26. Qf3 Qe6 27. Ba3
Rfd8 28. Rf1 Nxa2 29. Qh5 g6 30. Qh6 b4 31. Rf6 Qe8 32. Rxa6 bxa3 33. Ra7 Nb4
34. Bxg6 hxg6 35. Qg5 Rd7 0-1

[Event "Mechanics' Summer TNM; G/2 d/5"]
[Site "San Francisco"]
[Date "2018.06.26"]
[Round "5.38"]
[White "Hilliard, Michael"]
[Black "Cendejas, Jon Rodolfo"]
[Result "0-1"]
[WhiteElo "1410"]
[BlackElo "911"]
[Annotator "Donaldson"]
[PlyCount "54"]
[EventDate "2018.??.??"]
[Source "ChessBase"]
[SourceDate "2007.09.04"]

1. d4 d5 2. Nf3 Nf6 3. e3 a6 4. Bd3 Nc6 5. c3 e6 6. Nbd2 Bd6 7. O-O Bd7 8. Re1
O-O 9. e4 dxe4 10. Nxe4 Nxe4 11. Bxe4 Re8 {Diagram [#]} 12. Bxh7+ $2 (12. Ng5
$1 h6 (12... g6 13. Bc2 (13. Nxh7 $4 Qh4) 13... Be7 14. Nxh7 $1) 13. Bh7+ Kf8
14. Nxf7 Kxf7 15. Qh5+ Kf8 16. Bxh6 $18) 12... Kf8 $2 (12... Kxh7 13. Ng5+ Kg8
14. Qh5 Qf6 15. Qh7+ Kf8 {and the attack peters out.}) 13. Bg5 Be7 14. Bxe7+
Qxe7 15. Ne5 $2 (15. d5 $1) 15... Nxe5 16. dxe5 g6 17. Qg4 Kg7 18. Bxg6 fxg6
19. Re3 Rg8 20. Rf3 Raf8 21. Rd1 Bc6 22. Rg3 Kf7 23. Rgd3 Kg7 24. Rh3 Kf7 (
24... Qf7 $19) 25. Rh7+ Rg7 26. Qh3 Rfg8 27. Qf3+ $4 Bxf3 0-1

[Event "Mechanics' Bedjanian TNM; G/2 d/5"]
[Site "San Francisco"]
[Date "2018.11.27"]
[Round "6.26"]
[White "Hilliard, Michael"]
[Black "Chea, Na"]
[Result "0-1"]
[WhiteElo "1405"]
[BlackElo "1626"]
[PlyCount "92"]
[EventDate "2018.??.??"]
[Source "ChessBase"]
[SourceDate "2007.09.04"]

1. d4 Nf6 2. Nf3 b6 3. c4 e6 4. e3 Be7 5. Bd3 Bb7 6. Nbd2 O-O 7. O-O d5 8. b3
Nbd7 9. Qc2 h6 10. e4 dxe4 11. Nxe4 Rc8 12. Re1 Nb8 13. Be3 Nc6 14. Rad1 Nb4
15. Nxf6+ Bxf6 16. Qe2 Nxd3 17. Rxd3 Re8 18. Red1 Qe7 19. Ne5 Kh7 20. Qh5 Rf8
21. Ng4 Bg5 22. Bxg5 Qxg5 23. Qxg5 hxg5 24. Rh3+ Kg8 25. Re1 Rfe8 26. Rhe3 Rcd8
27. d5 f5 28. Nf6+ gxf6 29. Rxe6 Rxe6 30. Rxe6 Kf7 31. Kf1 Re8 32. Re2 Rxe2 33.
Kxe2 b5 34. g3 bxc4 35. bxc4 c6 36. d6 c5 37. d7 Ke7 38. d8=Q+ Kxd8 39. Kd3 Ke7
40. f4 g4 41. Kc3 Kd7 42. Kb3 Bc6 43. a3 Kc7 44. Kc3 Kb6 45. Kb2 Ka5 46. Kb3
Bf3 0-1

[Event "Mechanics' Bedjanian TNM; G/2 d/5"]
[Site "San Francisco"]
[Date "2018.10.30"]
[Round "2.31"]
[White "Hilliard, Michael"]
[Black "Cohee, James"]
[Result "0-1"]
[WhiteElo "1405"]
[BlackElo "1625"]
[PlyCount "124"]
[EventDate "2018.??.??"]
[Source "ChessBase"]
[SourceDate "2007.09.04"]

1. d4 d5 2. Nf3 Nf6 3. e3 g6 4. Bd3 Bg7 5. Nbd2 O-O 6. b3 Nc6 7. Bb2 Nb4 8. Bb5
c6 9. Be2 Bf5 10. Rc1 Nxa2 11. Ra1 Nb4 12. Rc1 a5 13. Ne5 Ne4 14. c3 Na6 15. f4
e6 16. O-O Nc7 17. g4 Nxd2 18. Qxd2 Be4 19. Bf3 Bxf3 20. Rxf3 Ne8 21. Ba3 Nd6
22. Qg2 Re8 23. Bxd6 Qxd6 24. Qg3 f5 25. g5 Qa3 26. Rb1 Bxe5 27. fxe5 Qa2 28.
Qe1 Qc2 29. Rh3 Qe4 30. c4 b5 31. cxd5 cxd5 32. Rc1 Rec8 33. Rc3 b4 34. Rc1 Qd3
35. Rb1 Rc3 36. Rd1 Qc2 37. Rd2 Qe4 38. Rh4 Qxe3+ 39. Qxe3 Rxe3 40. Rc2 Rc3 41.
Rb2 Rac8 42. Rf4 Rc2 43. Rf2 Rxb2 44. Rxb2 h6 45. h4 hxg5 46. hxg5 Rc3 47. Kf2
f4 48. Ra2 Rg3 49. Rxa5 Rxg5 50. Ra8+ Kh7 51. Rf8 Rg3 52. Rxf4 Rxb3 53. Rf6 Rd3
54. Rxe6 Rxd4 55. Rd6 Kg7 56. Rd7+ Kf8 57. Rd6 Kf7 58. Rf6+ Kg7 59. Rd6 b3 60.
Rd7+ Kf8 61. Rd6 Rb4 62. Rxd5 b2 0-1

[Event "Mechanics' Spring TNM; G/2 d5"]
[Site "San Francisco"]
[Date "2018.05.01"]
[Round "7.41"]
[White "Hilliard, Michael"]
[Black "Cowgill, Jackie"]
[Result "1-0"]
[WhiteElo "1455"]
[BlackElo "1080"]
[PlyCount "54"]
[EventDate "2018.??.??"]
[Source "ChessBase"]
[SourceDate "2007.09.04"]

1. d4 d5 2. Nf3 Nf6 3. e3 c5 4. c3 Bg4 5. Bd3 c4 6. Bc2 e6 7. Nbd2 Be7 8. O-O
O-O 9. b3 b5 10. Re1 Nbd7 11. e4 Nxe4 12. Nxe4 dxe4 13. Bxe4 Rb8 14. Bf4 Nf6
15. Bxb8 Nxe4 16. Rxe4 Qxb8 17. Rxg4 h6 18. Ne5 Qc7 19. Qd2 Bg5 20. Qc2 a5 21.
h4 Bf6 22. Re1 Bxe5 23. Rxe5 Qe7 24. Qd2 f6 25. Rh5 Kh8 26. Rxh6+ gxh6 27.
Qxh6+ Qh7 1-0

[Event "Mechanics' Shipman TNM; G/2 d/5"]
[Site "San Francisco"]
[Date "2018.08.28"]
[Round "4.29"]
[White "Hilliard, Michael"]
[Black "Drane, Robert"]
[Result "0-1"]
[WhiteElo "1400"]
[BlackElo "1806"]
[PlyCount "46"]
[EventDate "2018.??.??"]
[Source "ChessBase"]
[SourceDate "2007.09.04"]

1. d4 f5 2. Bf4 Nf6 3. e3 e6 4. h4 d6 5. Bd3 Qe7 6. Nf3 Nbd7 7. Nbd2 e5 8. dxe5
dxe5 9. Bh2 e4 10. Bxc7 exd3 11. c3 Nd5 12. Bh2 Nc5 13. O-O g6 14. Nb3 Bd7 15.
Be5 Rg8 16. Bd4 Nxb3 17. axb3 Qe4 18. g3 h6 19. Ne5 Nc7 20. Bxa7 Qxe5 21. Bd4
Rxa1 22. Qxa1 Qd5 23. Rd1 Bc6 0-1

[Event "Mechanics' Summer TNM; G/2 d/5"]
[Site "San Francisco"]
[Date "2018.07.10"]
[Round "7.40"]
[White "Hilliard, Michael"]
[Black "Frank, Robert H"]
[Result "0-1"]
[WhiteElo "1410"]
[BlackElo "1278"]
[Annotator "Donaldson"]
[PlyCount "80"]
[EventDate "2018.??.??"]
[Source "ChessBase"]
[SourceDate "2007.09.04"]

1. d4 Nf6 2. Nf3 b5 3. e3 a6 4. Nbd2 Bb7 5. Bd3 e6 6. O-O c5 7. c3 d5 8. Re1 c4
9. Bc2 Bd6 10. e4 dxe4 11. Nxe4 O-O $2 {Diagram [#]} (11... Nxe4 12. Bxe4 Bxe4
13. Rxe4 O-O) 12. Nxf6+ $1 gxf6 (12... Qxf6 13. Bg5 Bxf3 14. Qd2 $18) 13. Bh6 (
13. Bxh7+ $1 Kxh7 14. Ne5 fxe5 (14... f5 15. Qh5+ Kg8 16. Re3) 15. Qh5+ Kg8 16.
Qg4+ Kh7 17. Re3 {mates}) 13... Re8 14. Ne5 $1 f5 15. Qh5 Qf6 16. Bg5 (16. Re3)
16... Qg7 17. Re3 (17. Ng4 fxg4 18. Bh6 Qf6 19. Bxh7+ Kh8 20. Be4 $18) 17...
Bxe5 18. dxe5 f4 19. Bxh7+ $4 (19. g4 fxe3 20. Bf6 exf2+ 21. Kxf2 $18) 19...
Qxh7 20. Qxh7+ Kxh7 $17 21. Rh3+ Kg6 22. Bxf4 Nd7 23. Rd1 Rad8 24. Re1 Rh8 25.
Rg3+ Kf5 26. Bg5 Rdg8 27. h4 Nxe5 28. Rd1 f6 29. Be3 Rxg3 30. fxg3 Rg8 31. Rf1+
Kg6 32. Rd1 Nd3 33. Rf1 Nxb2 34. Bd4 f5 35. g4 Bc8 36. gxf5+ exf5 37. Rf3 Kh5
38. g3 Nd3 39. Kh2 Kg4 40. Rf1 Re8 0-1

[Event "Mechanics' Winter TNM; G/2 d5"]
[Site "San Francisco"]
[Date "2018.01.09"]
[Round "1.12"]
[White "Hilliard, Michael"]
[Black "Gaffagan, Steven"]
[Result "0-1"]
[WhiteElo "1455"]
[BlackElo "2089"]
[PlyCount "60"]
[EventDate "2018.??.??"]
[Source "ChessBase"]
[SourceDate "2007.09.04"]

1. d4 Nf6 2. Nf3 c5 3. c3 b6 4. Nbd2 Bb7 5. e3 g6 6. Bd3 Bg7 7. O-O O-O 8. Re1
d5 9. b3 Nbd7 10. Bb2 a6 11. Rc1 b5 12. b4 c4 13. Bc2 Ne4 14. Nf1 Qc7 15. N3d2
f5 16. f3 Nxd2 17. Qxd2 e5 18. e4 fxe4 19. fxe4 Rad8 20. exd5 exd4 21. cxd4 Nf6
22. Ne3 Bh6 23. Qc3 Bxd5 24. Rcd1 Bf4 25. Nf1 Bd6 26. Qa3 Ng4 27. g3 Nf2 28. g4
Bxb4 29. Qe3 Qf4 30. Qg3 Nh3+ 0-1

[Event "Mechanics' Shipman TNM; G/2 d/5"]
[Site "San Francisco"]
[Date "2018.08.14"]
[Round "2.28"]
[White "Hilliard, Michael"]
[Black "Harris, Clarence"]
[Result "1-0"]
[WhiteElo "1400"]
[BlackElo "1400"]
[PlyCount "62"]
[EventDate "2018.??.??"]
[Source "ChessBase"]
[SourceDate "2007.09.04"]

1. d4 Nf6 2. Nf3 g6 3. e3 Bg7 4. Bd3 O-O 5. b3 d6 6. Bb2 Bg4 7. O-O Re8 8. Nbd2
Nbd7 9. c4 e5 10. dxe5 dxe5 11. e4 Nc5 12. Bc2 Nd3 13. Qb1 Nb4 14. Re1 c5 15.
Bc3 Nc6 16. Qb2 Nd4 17. Rad1 Qc7 18. h3 Be6 19. g4 Bh6 20. g5 Qc8 21. gxh6 Bxh3
22. Nh2 Nh5 23. Bxd4 cxd4 24. Ndf1 Nf4 25. Bd3 Bg4 26. f3 Bxf3 27. Ng3 Qh3 28.
Qf2 Bxd1 29. Rxd1 Re6 30. Bf1 Qh4 31. Nf3 Qg5 $4 1-0

[Event "Mechanics' Shipman TNM; G/2 d/5"]
[Site "San Francisco"]
[Date "2018.09.11"]
[Round "6.39"]
[White "Hilliard, Michael"]
[Black "Morgan, Jerry D"]
[Result "0-1"]
[WhiteElo "1400"]
[BlackElo "1520"]
[PlyCount "102"]
[EventDate "2018.??.??"]
[Source "ChessBase"]
[SourceDate "2007.09.04"]

1. d4 d5 2. Nf3 Nf6 3. e3 Bg4 4. c4 c6 5. Nc3 Nbd7 6. Bd3 e5 7. dxe5 Nxe5 8.
Be2 Bxf3 9. Bxf3 Nxc4 10. b3 Ne5 11. Be2 Bd6 12. Bb2 Qd7 13. O-O Neg4 14. f4
Nxe3 15. Qd2 Nxf1 16. Rxf1 O-O 17. Rf3 Bc5+ 18. Kh1 Rfe8 19. Rg3 Qe6 20. h3 Be3
21. Qd3 Bxf4 22. Rf3 Bh6 23. Qd4 Qe5 24. Qh4 Qg5 25. Qf2 Qd2 26. Qg3 Qxb2 27.
Rxf6 Qc1+ 28. Rf1 Qe3 29. Rf3 Qg5 30. Qc7 Qe7 31. Qg3 Bd2 32. Rf2 Bxc3 33. Qxc3
Qe3 34. Qe1 d4 35. Qf1 Rad8 36. Bc4 Rd7 37. Bxf7+ Rxf7 38. Rxf7 d3 39. Rxb7 Rf8
40. Qa1 Qg5 41. Rd7 Rd8 42. Rxd8+ Qxd8 43. Qd1 d2 44. Kg1 Qd3 45. Kf2 Kf7 46.
Qh5+ Kf6 47. Qh4+ Ke5 48. Qe7+ Kd4 49. Qd6+ Kc3 50. Qc5+ Kb2 51. Qe5+ Kb1 0-1

[Event "Mechanics' Walter Shipman TNM G/2 d/5"]
[Site "San Francisco"]
[Date "2018.10.02"]
[Round "9.30"]
[White "Hilliard, Michael"]
[Black "Tuck, Drew"]
[Result "1-0"]
[WhiteElo "1400"]
[BlackElo "1516"]
[PlyCount "107"]
[EventDate "2018.??.??"]
[Source "ChessBase"]
[SourceDate "2007.09.04"]

1. d4 d5 2. Nf3 Nf6 3. e3 e6 4. Bd3 c5 5. b3 Nc6 6. Bb2 Bd6 7. Nbd2 O-O 8. O-O
b6 9. c4 cxd4 10. Nxd4 Nxd4 11. Bxd4 e5 12. Bb2 e4 13. Bc2 Bb7 14. Qe2 Rc8 15.
Rad1 Re8 16. Bb1 Qc7 17. g3 Ba6 18. Bxf6 gxf6 19. Rc1 f5 20. Rc2 Qe7 21. Qh5
Qe5 22. Rfc1 Ba3 23. Rd1 Rc5 24. Qg5+ Kh8 25. Qh4 d4 26. Nxe4 Qxe4 27. Qf6+ Kg8
28. Rxd4 Qe6 29. Qg5+ Qg6 30. Qf4 Rce5 31. Rcd2 Bb7 32. Rd8 Qc6 33. Qg5+ Kh8
34. Rxe8+ Rxe8 35. Rd5 Re5 36. Rd8+ Re8 37. Rxe8+ Qxe8 38. Qxf5 Qg8 39. Qe5+
Qg7 40. Qb8+ Bf8 41. Qxb7 Qa1 42. Qe4 Qg7 43. a4 Bb4 44. Kg2 a5 45. h4 h6 46.
Qf5 Qg8 47. Kf3 Bc3 48. e4 f6 49. h5 Qf7 50. Qc8+ Kg7 51. Qg4+ Kf8 52. Qg6 Qa7
53. Qxh6+ Ke8 54. Qh8+ 1-0

[Event "Mechanics' Winter TNM; G/2 d5"]
[Site "San Francisco"]
[Date "2018.01.30"]
[Round "4.28"]
[White "Hilliard, Michael"]
[Black "Warton, Philip"]
[Result "1/2-1/2"]
[WhiteElo "1455"]
[BlackElo "1797"]
[PlyCount "107"]
[EventDate "2018.??.??"]
[Source "ChessBase"]
[SourceDate "2007.09.04"]

1. d4 Nf6 2. Nf3 g6 3. e3 Bg7 4. Bd3 d5 5. Nbd2 O-O 6. O-O Re8 7. Re1 Nc6 8. c3
a6 9. e4 dxe4 10. Nxe4 b5 11. a3 h6 12. Nc5 e6 13. Ne5 Nxe5 14. dxe5 Nd7 15.
Nxd7 Qxd7 16. Bf4 Rd8 17. Be4 Rb8 18. Qe2 c5 19. Rad1 Qc7 20. Rxd8+ Qxd8 21.
Rd1 Qc7 22. Bc2 Bb7 23. Bg3 Rc8 24. f4 Bf8 25. Be4 c4 26. Qf3 Bc5+ 27. Bf2 Bxe4
28. Qxe4 Be7 29. h4 Rd8 30. Qe2 Kg7 31. Rd2 Rd7 32. Qd1 Rxd2 33. Qxd2 Qc6 34.
Qd4 h5 35. Qe3 a5 36. Qa7 Bd8 37. Qd4 Bc7 38. Qc5 Qd7 39. Qd4 Qc8 40. Qc5 Qb8
41. Qa7 Qd8 42. Qd4 Qxd4 43. Bxd4 Kf8 44. Kf2 Ke8 45. Ke3 Kd7 46. Ba7 Kc6 47.
Kd4 Bd8 48. g3 Be7 49. Ke4 b4 50. a4 Bc5 51. Bxc5 Kxc5 52. Ke3 Kd5 53. Kf3 bxc3
54. bxc3 1/2-1/2

[Event "Mechanics' Spring TNM; G/2 d5"]
[Site "San Francisco"]
[Date "2018.04.03"]
[Round "3.43"]
[White "Hilliard, Michael"]
[Black "Yu, Prescott"]
[Result "1-0"]
[WhiteElo "1455"]
[BlackElo "1217"]
[PlyCount "73"]
[EventDate "2018.??.??"]
[Source "ChessBase"]
[SourceDate "2007.09.04"]

1. d4 Nf6 2. Nf3 e6 3. e3 d5 4. Bd3 c5 5. c3 Nc6 6. Nbd2 Be7 7. O-O O-O 8. Re1
Bd7 9. e4 c4 10. Bc2 b5 11. e5 Ne8 12. Nf1 b4 13. h3 f6 14. Ng3 Qb6 15. Rb1 Qa5
16. Bd2 Qxa2 17. Qc1 Qa6 18. Ra1 Qb6 19. Qb1 f5 20. Ne2 Nc7 21. Qc1 b3 22. Bd1
Rfb8 23. Bg5 Bf8 24. Qf4 a5 25. Qg3 Be7 26. Nf4 Kf7 27. Qh4 h6 28. Qh5+ Kg8 29.
Bxh6 Be8 30. Ng6 gxh6 31. Qxh6 Bxg6 32. Qxg6+ Kf8 33. Ng5 Bxg5 34. Bh5 Nd8 35.
Qxg5 Ne8 36. Qh6+ Ng7 37. Qh8+ 1-0

[Event "Mechanics' Spring TNM; G/2 d5"]
[Site "San Francisco"]
[Date "2018.05.01"]
[Round "7.21"]
[White "Hope, Frederick"]
[Black "Babayan, Gagik"]
[Result "0-1"]
[WhiteElo "1536"]
[BlackElo "1718"]
[PlyCount "118"]
[EventDate "2018.??.??"]
[Source "ChessBase"]
[SourceDate "2007.09.04"]

1. e4 c6 2. Nf3 d5 3. exd5 cxd5 4. d4 e6 5. Be2 Be7 6. O-O Nf6 7. Nbd2 O-O 8.
Re1 Nc6 9. Nb3 Qc7 10. h3 a5 11. a4 b6 12. Bg5 Ne4 13. Bxe7 Nxe7 14. Nbd2 Ng6
15. c4 Bb7 16. Nxe4 dxe4 17. Nd2 Qf4 18. Nb3 e3 19. Bf3 exf2+ 20. Kxf2 Nh4 21.
Qc1 Qf6 22. Qe3 Nxf3 23. gxf3 Qf5 24. h4 Qc2+ 25. Nd2 Rfd8 26. Qc3 Qf5 27. Ne4
Qf4 28. c5 Qxh4+ 29. Ke3 bxc5 30. dxc5 Bxe4 31. fxe4 Qg3+ 32. Ke2 Qxc3 33. bxc3
Rac8 34. Rab1 Rxc5 35. Red1 Rdc8 36. Rdc1 Rc4 37. Kd3 g5 38. Rb5 R8c5 39. Rxc5
Rxc5 40. Kd4 Rc6 41. c4 Kg7 42. c5 g4 43. Kc4 h5 44. Kb5 Rc8 45. c6 Kg6 46. Kb6
g3 47. Kb7 Re8 48. c7 h4 49. c8=Q Rxc8 50. Rxc8 Kg5 51. Rg8+ Kf4 52. Rh8 Kg4
53. Rg8+ Kf3 54. Kb6 h3 55. Kxa5 h2 56. Rh8 Kg2 57. Kb5 h1=Q 58. Rxh1 Kxh1 59.
a5 g2 0-1

[Event "Mechanics' Winter TNM; G/2 d5"]
[Site "San Francisco"]
[Date "2018.01.16"]
[Round "2.37"]
[White "Hope, Frederick"]
[Black "Cryer, Benjamin"]
[Result "1-0"]
[WhiteElo "1536"]
[BlackElo "1224"]
[Annotator "Donaldson"]
[PlyCount "105"]
[EventDate "2018.??.??"]
[Source "ChessBase"]
[SourceDate "2007.09.04"]

1. e4 c6 2. d4 d5 3. e5 c5 4. c3 Nc6 5. Nf3 Bg4 6. Be2 e6 7. O-O cxd4 8. cxd4
Nge7 9. Nc3 a6 10. Be3 Nf5 11. Rc1 Be7 12. Na4 Bxf3 13. Bxf3 O-O 14. Nc5 Bxc5
15. Rxc5 Rc8 16. Bg4 Nxe3 17. fxe3 Nb4 18. Rxc8 Qxc8 19. Qb3 Qc4 20. Qxc4 dxc4
21. a3 Nd5 22. Kf2 b5 23. Ke2 a5 24. e4 Nc7 25. Rc1 Rd8 26. Ke3 a4 27. Bf3 f6
28. exf6 gxf6 29. g4 e5 30. d5 Na6 31. Rg1 h6 32. h4 Kf7 33. g5 Rg8 34. g6+ Kg7
35. Bg4 Nc5 36. h5 Nd3 37. Rg2 Nf4 38. Rd2 Nd3 {Diagram [#]} 39. Bd1 (39. Rxd3
cxd3 40. d6 {wins on the spot.}) 39... Nc5 40. d6 Rd8 41. Rd5 Nd3 42. Rxb5 Rxd6
43. Bxa4 Nxb2 44. Rxb2 Rd3+ 45. Ke2 Rxa3 46. Bc6 Rb3 47. Rxb3 cxb3 48. Kd3 Kf8
49. Kc3 Kg7 50. Kxb3 Kh8 51. Kc4 Kg7 52. Kd5 Kf8 53. Ke6 1-0

[Event "Mechanics' Winter TNM; G/2 d5"]
[Site "San Francisco"]
[Date "2018.01.30"]
[Round "4.24"]
[White "Hope, Frederick"]
[Black "Greene, Sam"]
[Result "1-0"]
[WhiteElo "1536"]
[BlackElo "1565"]
[PlyCount "55"]
[EventDate "2018.??.??"]
[Source "ChessBase"]
[SourceDate "2007.09.04"]

1. e4 c5 2. Nf3 d6 3. d4 cxd4 4. Nxd4 Nf6 5. Nc3 a6 6. Be2 g6 7. Be3 Bg7 8. f3
e5 9. Nb3 Be6 10. Qd2 d5 11. exd5 Bf5 12. g4 Bc8 13. O-O-O O-O 14. g5 Nh5 15.
Ne4 b5 16. Nbc5 Nd7 17. Nxd7 Qxd7 18. d6 Qd8 19. d7 Bb7 20. Bc5 Bxe4 21. fxe4
Nf4 22. Bxf8 Bxf8 23. h4 Be7 24. Kb1 Ra7 25. Bg4 Rc7 26. Rhf1 Bc5 27. Qa5 Be7
28. Qxa6 1-0

[Event "Mechanics' Spring TNM; G/2 d5"]
[Site "San Francisco"]
[Date "2018.04.10"]
[Round "4.21"]
[White "Hope, Frederick"]
[Black "McKellar, Daniel"]
[Result "1/2-1/2"]
[WhiteElo "1536"]
[BlackElo "1829"]
[Annotator "Donaldson"]
[PlyCount "111"]
[EventDate "2018.??.??"]
[Source "ChessBase"]
[SourceDate "2007.09.04"]

1. e4 c5 2. Nf3 g6 3. Be2 Bg7 4. c3 Nf6 5. d3 O-O 6. O-O Nc6 7. h3 d5 8. exd5
Nxd5 9. Na3 e5 10. Re1 a6 11. Nc4 b5 12. Ne3 Nf4 13. Bf1 Re8 14. Qc2 Be6 15.
Bd2 Rc8 16. Rad1 {Diagram [#]} b4 (16... Qf6 $1) (16... Nd4 17. cxd4 cxd4 18.
Nc4 bxc4 19. Bxf4 cxd3 20. Qxd3 exf4 $11) 17. Nc4 Bxc4 18. dxc4 Qc7 19. Qa4 Ne6
(19... e4) 20. cxb4 cxb4 21. Bxb4 Nxb4 22. Qxb4 Rb8 23. Qd2 e4 24. Rxe4 Rxb2
25. Qe3 Qb8 26. c5 Rxa2 27. Bc4 Ra4 28. Rd7 Rxc4 29. Rxc4 Qb5 30. c6 $4 (30.
Qd3 Nxc5 31. Rxc5 Qxc5 32. Qxa6 $11) 30... Qxc4 31. c7 Nxc7 $2 (31... Qc6) 32.
Rxc7 Qxc7 33. Qxe8+ Bf8 34. Ne5 Qe7 35. Qb8 Qd6 36. Qe8 Qe7 37. Qb8 h5 38. Nc6
Qd6 39. Qc8 Qd1+ 40. Kh2 Kg7 41. Qxa6 Bd6+ 42. g3 Qe1 (42... h4) 43. Qb6 Qc3 (
43... h4) 44. Kg2 Bc5 45. Qc7 Bd4 46. Qd6 Bc5 47. Qe5+ Qxe5 48. Nxe5 Bd4 49.
Nd3 Kf6 50. f4 Kf5 51. Kf3 Bb6 52. Ne5 Ke6 53. Ke4 Bc7 54. Nd3 Bd6 55. Kf3 f6
56. g4 1/2-1/2